<?xml version="1.0" encoding="UTF-8"?><?xml-stylesheet type="text/xsl" href="static/style.xsl"?><OAI-PMH xmlns="http://www.openarchives.org/OAI/2.0/" xmlns:xsi="http://www.w3.org/2001/XMLSchema-instance" xsi:schemaLocation="http://www.openarchives.org/OAI/2.0/ http://www.openarchives.org/OAI/2.0/OAI-PMH.xsd"><responseDate>2026-06-07T08:12:12Z</responseDate><request verb="GetRecord" identifier="oai:riuma.uma.es:10630/40249" metadataPrefix="marc">https://riuma.uma.es/rest/oai/request</request><GetRecord><record><header><identifier>oai:riuma.uma.es:10630/40249</identifier><datestamp>2026-02-03T11:28:51Z</datestamp><setSpec>com_10630_2254</setSpec><setSpec>col_10630_37953</setSpec></header><metadata><record xmlns="http://www.loc.gov/MARC21/slim" xmlns:dcterms="http://purl.org/dc/terms/" xmlns:doc="http://www.lyncode.com/xoai" xmlns:xsi="http://www.w3.org/2001/XMLSchema-instance" xsi:schemaLocation="http://www.loc.gov/MARC21/slim http://www.loc.gov/standards/marcxml/schema/MARC21slim.xsd">
   <leader>00925njm 22002777a 4500</leader>
   <datafield ind2=" " ind1=" " tag="042">
      <subfield code="a">dc</subfield>
   </datafield>
   <datafield ind2=" " ind1=" " tag="720">
      <subfield code="a">Castro-Carrasco, Pablo</subfield>
      <subfield code="e">author</subfield>
   </datafield>
   <datafield ind2=" " ind1=" " tag="720">
      <subfield code="a">Gubbins, Verónica</subfield>
      <subfield code="e">author</subfield>
   </datafield>
   <datafield ind2=" " ind1=" " tag="720">
      <subfield code="a">Caamaño, Vladimir</subfield>
      <subfield code="e">author</subfield>
   </datafield>
   <datafield ind2=" " ind1=" " tag="720">
      <subfield code="a">González-Palta, Ingrid</subfield>
      <subfield code="e">author</subfield>
   </datafield>
   <datafield ind2=" " ind1=" " tag="720">
      <subfield code="a">Rodríguez-Pastene Vicencio, Fabiana</subfield>
      <subfield code="e">author</subfield>
   </datafield>
   <datafield ind2=" " ind1=" " tag="720">
      <subfield code="a">Zelaya, Martina</subfield>
      <subfield code="e">author</subfield>
   </datafield>
   <datafield ind2=" " ind1=" " tag="720">
      <subfield code="a">Carrasco-Aguilar, Claudia</subfield>
      <subfield code="e">author</subfield>
   </datafield>
   <datafield ind2=" " ind1=" " tag="260">
      <subfield code="c">2025-09-06</subfield>
   </datafield>
   <datafield ind2=" " ind1=" " tag="520">
      <subfield code="a">This study analyzed subjective theories on school violence and convivencia escolar expressed in the public discourse of the Chilean Ministry of Education in 2022. This research focused on the return to in-person learning, a time when concerns about violence in schools increased and public policies aimed at addressing it were launched. Inductive content analysis and grounded theory techniques were used to examine 66 tweets issued by official ministry accounts during 2022. The analysis identified three interpretative sets. The first suggests that although violence has external structural causes, it must be eradicated from schools. The second links convivencia escolar with well-being and socioemotional skills, but without an explicit association with violence. The third locates the origin of psychological distress in external factors but assigns its management to the school system. A predominance of expert knowledge existed in the promoted solutions. These findings are discussed based on the idea that the Ministry of Education’s discourse on Twitter not only informs but also seeks to shape educational common sense and validate public policies. This raises questions about its impact on the interpretive autonomy of school communities.</subfield>
   </datafield>
   <datafield ind1="8" ind2=" " tag="024">
      <subfield code="a">Castro-Carrasco, P. J., Gubbins, V., Caamaño, V., González-Palta, I., Vicencio, F. R.-P., Zelaya, M., &amp; Carrasco-Aguilar, C. [C.A.] (2025). Public Discourse of the Chilean Ministry of Education on School Violence and Convivencia Escolar: A Subjective Theories Approach. Social Sciences, 14(9), 539. https://doi.org/10.3390/socsci14090539</subfield>
   </datafield>
   <datafield ind1="8" ind2=" " tag="024">
      <subfield code="a">https://hdl.handle.net/10630/40249</subfield>
   </datafield>
   <datafield ind1="8" ind2=" " tag="024">
      <subfield code="a">10.3390/socsci14090539</subfield>
   </datafield>
   <datafield tag="653" ind2=" " ind1=" ">
      <subfield code="a">Política educativa</subfield>
   </datafield>
   <datafield tag="653" ind2=" " ind1=" ">
      <subfield code="a">Violencia en la escuela</subfield>
   </datafield>
   <datafield ind2="0" ind1="0" tag="245">
      <subfield code="a">Public Discourse of the Chilean Ministry of Education on School Violence and Convivencia Escolar: A Subjective Theories Approach.</subfield>
   </datafield>
</record>
</metadata></record></GetRecord></OAI-PMH>